000 00273nam a2200109Ia 4500
008 200302s9999 xx 000 0 und d
100 _aManuel Castell
245 _aThe Rise of the Network Society 2nd ed.,
260 _bMarg Publication
260 _c2010
300 _a597 P.,
999 _c3172
_d3172